Egon (Registro nro. 9578)
[ vista simple ]
| 000 -CABECERA | |
|---|---|
| Longitud fija campo de control | 01546nam a2200349 a 4500 |
| 003 - • IDENTIFICADOR DELl NÚMERO DE CONTROL | |
| Identificador del número de control | CO-ViMGA |
| 005 - • FECHA Y HORA DE LA ÚLTIMA TRANSACCIÓN | |
| Fecha y hora de la última transacción | 20230915233131.0 |
| 008 - • CÓDIGOS DE INFORMACIÓN DE LONGITUD FIJA | |
| Códigos de información de longitud fija | 110519s2010 ck gr 00010 spa d |
| 020 ## - • NÚMERO INTERNACIONAL NORMALIZADO PARA LIBROS | |
| Número Internacional Normalizado para Libros (ISBN) | 9789588293653 (obra completa) |
| 020 ## - • NÚMERO INTERNACIONAL NORMALIZADO PARA LIBROS | |
| Número Internacional Normalizado para Libros (ISBN) | 9789588293660 (volumen 1) |
| 020 ## - • NÚMERO INTERNACIONAL NORMALIZADO PARA LIBROS | |
| Número Internacional Normalizado para Libros (ISBN) | 9789588293677 (volumen 2) |
| 040 ## - FUENTE DE LA CATALOGACIÓN | |
| Centro catalogador de origen | CO-ViMGA |
| Lengua de catalogación | spa |
| Centro transcriptor | CO-ViMGA |
| 043 ## - CÓDIGO DE ÁREA GEOGRÁFICA | |
| Código de área geográfica | ck |
| 100 10 - • PUNTO DE ACCESO PRINCIPAL-NOMBRE DE PERSONA | |
| Nombre de persona | Westendorp Restrepo, Edgard |
| 245 10 - • TITULO PROPIAMENTE DICHO | |
| Título | Egon |
| Mención de responsabilidad, etc. | Edgard Westendorp ; editores Benjamn̕ Villegas y Leandro Carvajal. |
| 250 ## - • MENCIÓN DE EDICIÓN | |
| Mención de edición | 1a. edicin̤ |
| 300 ## - • DESCRIPCIÓN FÍSICA | |
| Extensión | 2 volm͠enes |
| Dimensiones | 23 cm. |
| Material Anexo | 2 plegables |
| 500 ## - • NOTA GENERAL | |
| Nota general | Donacin̤ Villegas Editores |
| 500 ## - • NOTA GENERAL | |
| Nota general | Incluye glosarios |
| 500 ## - • NOTA GENERAL | |
| Nota general | Plegables: Geografa̕ del Mittgard -- Genealoga̕s del Mittgard |
| 505 0# - • NOTA DE CONTENIDO CON FORMATO | |
| Nota de contenido con formato | Volumen 1. Introduccin̤ ; Parte I Egon ; Parte II Enid ; Parte III Dewahara ; Parte IV Windra ; Parte V Riika ; Parte VI Maidi ; Parte VII Varenen ; Parte VIII Eclipse. -- Volumen 2. Parte IX Coronas ; Parte X Garland ; Parte XI Vinland ; Parte XII Mayari ; Parte XIII Justas de Kiruna ; Parte XIV Gisela ; Parte XV Los dos imperios. |
| 650 14 - • PUNTO DE ACCESO ADICIONAL DE MATERIA - TÉRMINO DE MATERIA | |
| Término de materia o nombre geográfico como elemento inicial | Guerra en la literatura |
| Fuente del encabezamiento o término | LEMB |
| 650 14 - • PUNTO DE ACCESO ADICIONAL DE MATERIA - TÉRMINO DE MATERIA | |
| Término de materia o nombre geográfico como elemento inicial | Historias de aventuras |
| Fuente del encabezamiento o término | LEMB |
| 650 14 - • PUNTO DE ACCESO ADICIONAL DE MATERIA - TÉRMINO DE MATERIA | |
| Término de materia o nombre geográfico como elemento inicial | Literatura colombiana |
| Subdivisión cronológica | Siglo XX |
| 650 14 - • PUNTO DE ACCESO ADICIONAL DE MATERIA - TÉRMINO DE MATERIA | |
| Término de materia o nombre geográfico como elemento inicial | Novela colombiana |
| Fuente del encabezamiento o término | LEMB |
| Subdivisión cronológica | Siglo XX |
| 650 14 - • PUNTO DE ACCESO ADICIONAL DE MATERIA - TÉRMINO DE MATERIA | |
| Término de materia o nombre geográfico como elemento inicial | Novela fants̀tica colombiana |
| Fuente del encabezamiento o término | LEMB |
| 700 10 - • PUNTO DE ACCESO ADICIONAL - NOMBRE DE PERSONA | |
| Nombre de persona | Benjamn̕, Villegas |
| Término indicativo de función | editor |
| 700 10 - • PUNTO DE ACCESO ADICIONAL - NOMBRE DE PERSONA | |
| Nombre de persona | Carvajal, Leandro |
| Término indicativo de función | editor |
| 942 ## - ENTRADA DE ELEMENTOS AGREGADOS (KOHA) | |
| Fuente de clasificaión o esquema | Dewey Decimal Classification |
| Koha [por defecto] tipo de item | LIbro |
| Perdido | Fuente de clasificación o esquema | Estado Físico | No para préstamo | Forma de adquisición | Localización permanente | Localización actual | Localización en estanterías | Fecha adquisición | Préstamos totales | Signatura completa | Código de barras | Fecha última consulta | Número de copia | Fecha del precio de reemplazo | Tipo de item de Koha | Serie de enumeración / cronolog&íacute;a | Renovaciones totales | Fecha último préstamo | Note pública | Número de registro |
|---|---|---|---|---|---|---|---|---|---|---|---|---|---|---|---|---|---|---|---|---|
| Dewey Decimal Classification | Colección General | Biblioteca Pública Cubarral | Biblioteca Pública Cubarral | Literatura | 08/01/2023 | N WESE V1 | CUB01590 | 08/01/2023 | Ej.1 | 08/01/2023 | Libro Literatura | |||||||||
| Dewey Decimal Classification | Colección General | Biblioteca Pública Cubarral | Biblioteca Pública Cubarral | Literatura | 08/01/2023 | N WESE V2 | CUB01578 | 08/01/2023 | Ej.1 | 08/01/2023 | Libro Literatura | |||||||||
| Dewey Decimal Classification | Colección General | Biblioteca Pública Fuentedeoro - Henry Llanos García | Biblioteca Pública Fuentedeoro - Henry Llanos García | Literatura | 07/27/2023 | N WESE | Fo00001441 | 07/27/2023 | Ej.1 | 07/27/2023 | Libro Literatura | |||||||||
| Dewey Decimal Classification | Colección General | Biblioteca Pública San Carlos de Guaroa - Eduardo Carranza | Biblioteca Pública San Carlos de Guaroa - Eduardo Carranza | Literatura | 02/19/2024 | N WESE | SG01533 | 02/19/2024 | Ej.1 | 02/19/2024 | LIbro | |||||||||
| Dewey Decimal Classification | Colección General | Biblioteca Pública San Carlos de Guaroa - Eduardo Carranza | Biblioteca Pública San Carlos de Guaroa - Eduardo Carranza | Literatura | 02/26/2024 | N WESE | SG01569 | 02/26/2024 | Ej.1 | 02/26/2024 | LIbro | |||||||||
| Literatura General | Biblioteca Pública Departamental Eduardo Carranza - Villavicencio | Biblioteca Pública Departamental Eduardo Carranza - Villavicencio | Literatura | 03/11/2016 | N WES3e | ECA15199 | 11/26/2024 | Ej.1 | 11/26/2024 | LIbro | Vol. Tomo 1 | 18717 | 23899 | ||||||||
| Literatura General | Biblioteca Pública Departamental Eduardo Carranza - Villavicencio | Biblioteca Pública Departamental Eduardo Carranza - Villavicencio | Literatura | 03/11/2016 | N WES3e | ECA10387 | 11/26/2024 | Ej.1 | 11/26/2024 | LIbro | Vol. Tomo 2 | 18717 | 23898 | ||||||||
| Dewey Decimal Classification | Sala General Segundo Piso | Biblioteca Pública Germán Arciniegas - Villavicencio | Biblioteca Pública Germán Arciniegas - Villavicencio | 05/12/2016 | 4 | N WESE | 30050 | 11/04/2025 | 05/12/2016 | LIbro | V. 1 | 1 | 09/29/2025 | |||||||
| Dewey Decimal Classification | Sala General Segundo Piso | Biblioteca Pública Germán Arciniegas - Villavicencio | Biblioteca Pública Germán Arciniegas - Villavicencio | 05/12/2016 | 1 | N WESE | 30051 | 09/06/2018 | 05/12/2016 | LIbro | V. 2 | 2 | 04/10/2017 | |||||||
| Dewey Decimal Classification | Colección General | Biblioteca Pública Guamal | Biblioteca Pública Guamal | Literatura | 05/18/2023 | N WESE | GUA003586 | 05/18/2023 | Ej.1 | 05/18/2023 | Libro Literatura | |||||||||
| Dewey Decimal Classification | Colección General | Biblioteca Pública La Macarena | Biblioteca Pública La Macarena | Literatura | 02/02/2024 | N WESE | LM00818 | 02/02/2024 | Ej.1 | 02/02/2024 | LIbro | |||||||||
| Dewey Decimal Classification | Colección General | Biblioteca Pública La Macarena | Biblioteca Pública La Macarena | Literatura | 02/02/2024 | N WESE | LM00819 | 02/02/2024 | Ej.1 | 02/02/2024 | LIbro | |||||||||
| Dewey Decimal Classification | Biblioteca Pública Vistahermosa | Biblioteca Pública Vistahermosa | 05/23/2025 | VIST 0002214 | 05/23/2025 | Ej.1 | 05/23/2025 | LIbro | N WESE | |||||||||||
| Dewey Decimal Classification | Biblioteca Pública Vistahermosa | Biblioteca Pública Vistahermosa | 05/23/2025 | VIST 0002215 | 05/23/2025 | Ej.1 | 05/23/2025 | LIbro | N WESE V.2 |